Creative journal writing : the art and heart of reflection
| Main Author: | |
|---|---|
| Format: | Book |
| Published: |
Australia :
Allen & Unwin ,
2007
|
| Subjects: |
MARC
| LEADER | 00000cam a2200000 7i4500 | ||
|---|---|---|---|
| 001 | 0000013788 | ||
| 005 | 20080404.0 | ||
| 008 | 080404 | ||
| 020 | |a 1741751376 | ||
| 090 | 0 | 0 | |a 808.06692 |b DOW |
| 100 | 1 | |a Dowrick, Stephanie | |
| 245 | 1 | 0 | |a Creative journal writing : |b the art and heart of reflection |c Stephanie Dowrick |
| 260 | |a Australia : |b Allen & Unwin , |c 2007 | ||
| 650 | 0 | |a Creative writing | |
| 650 | 0 | |a Diaries |x Authorship | |
| 999 | |a 0001018407 |b Book |c REFERENCE |e Perbadanan Perpustakaan Awam Johor | ||